| 000 | 00758nam a2200229 i 4500 | ||
|---|---|---|---|
| 001 | 45175 | ||
| 003 | ES-MaACL | ||
| 005 | 20251113132024.0 | ||
| 007 | t| | ||
| 008 | 030325s1973 sp ||||1| spa d | ||
| 100 | 1 |
_aCirici, Alexandre. _938890 |
|
| 245 | 1 | 0 |
_aArquitectura gótica catalana / _cAlexandre Cirici ; fotografías Oriol Maspone, [traducción, Xavier Gispert]. |
| 260 |
_a[Barcelona : _bLumen, _c1973] |
||
| 300 |
_a412 p., 50 lám. : _bil. ; _c31 cm. |
||
| 490 | 1 | _aPalabra y forma | |
| 650 | 4 |
_aArquitectura gótica- _zCataluña. _9165040 |
|
| 700 | 1 |
_aMaspons, Oriol, _d1928-2013 _978772 |
|
| 700 | 1 |
_aGispert, Javier. _9156892 |
|
| 830 | 0 |
_aPalabra y forma _9229928 |
|
| 852 |
_aES-MaACL _jE-8784 _bR.93110 |
||
| 999 |
_c45175 _d45175 |
||